00608nab a2200193 uc450000100070000000500170000700800410002403500110006503500210007604000130009704100080011010000300011824500930014865000160024165000210025765000180027865000140029677301040031060202620240201134144.0000616e20000301 spa  a602026 a(OCoLC)819835382 ccomduadb aspa10aArmstrong, John4auteaut13aLa limpieza regular del serpentin mejora la eficiencia del sistema y la IAQ del edificio aSerpentines aCalidad del aire aMantenimiento aEdificios0 tFrio, Calor, Aire Acondicionado (Madrid)gNo. 313, Mar. 2000, p. 47-48, 50w95781x0210-0665092498